Central Library OPAC University of Rajshahi

Why Muslims rebel : (Record no. 56905)

MARC details
000 -LEADER
fixed length control field 00753nam a2200241 a 4500
001 - CONTROL NUMBER
control field 56905
003 - CONTROL NUMBER IDENTIFIER
rucl marc code BD-RjUL
005 - DATE AND TIME OF LATEST TRANSACTION
control field 20211209080440.0
008 - FIXED-LENGTH DATA ELEMENTS--GENERAL INFORMATION
fixed length control field 161204s2005 ii a b 001 0 eng
020 ## - INTERNATIONAL STANDARD BOOK NUMBER
International Standard Book Number 8130900173
035 ## - SYSTEM CONTROL NUMBER
System control number (BD-RjUL)57029
040 ## - CATALOGING SOURCE
Original cataloging agency DLC
Transcribing agency DLC
Modifying agency DLC
Language of cataloging eng
041 ## - LANGUAGE CODE
Language code of text/sound track or separate title eng
082 00 - DEWEY DECIMAL CLASSIFICATION NUMBER
Classification number 297.09
Edition number 23
Author mark and year HAW 2005
100 1# - MAIN ENTRY--PERSONAL NAME
Personal name Hafez, Mohammed M.,
Dates associated with a name 1970-
9 (RLIN) 169157
245 10 - TITLE STATEMENT
Title Why Muslims rebel :
Remainder of title repression and resistance in the Islamic world /
Statement of responsibility, etc. by Mohammed M. Hafez.
260 ## - PUBLICATION, DISTRIBUTION, ETC. (IMPRINT)
Place of publication, distribution, etc. Kolkata :
Name of publisher, distributor, etc. Viva boohs,
Date of publication, distribution, etc. c2005
300 ## - PHYSICAL DESCRIPTION
Pagination xvii, 253 p. :
Illustrations ill. ;
Size 24 cm.
504 ## - BIBLIOGRAPHY, ETC. NOTE
Bibliography, etc Includes bibliographical references (p. 215-241) and index.
650 #0 - SUBJECT ADDED ENTRY--TOPICAL TERM
Topical term or geographic name as entry element Muslim
Geographic subdivision History
9 (RLIN) 169158
942 ## - ADDED ENTRY ELEMENTS (KOHA)
Source of classification or shelving scheme Dewey Decimal Classification
Koha item type Books
Holdings
Lost status Source of classification or shelving scheme Damaged status Not for loan Collection code Permanent Location Current Location Shelving location Date acquired Source of acquisition Cost, normal purchase price Total Checkouts Full call number Date last seen Copy number Koha item type
  Dewey Decimal Classification   Not For Loan Non-fiction Central Library, University of Rajshahi Central Library, University of Rajshahi Reading Room 20/02/2008 dhaka, paragon Enterprice ltd. 395.00   297.09 HAW 2005 04/12/2016 C-1 Books